The heaven of Mercury : a novel (Record no. 35838)

MARC details
000 -LEADER
fixed length control field 00524nam a2200181Ia 4500
020 ## - INTERNATIONAL STANDARD BOOK NUMBER
ISBN 9780393324655
050 ## - CALL MARK
Classification number PS 3573 .W38/
100 ## - STATEMENT OF RESPONSIBILITY--MAIN AUTHOR NAME
Personal name Watson, Brad
245 #4 - TITLE STATEMENT
Title The heaven of Mercury : a novel
260 ## - PUBLICATION, DISTRIBUTION, ETC. (IMPRINT)
Place of publication New York
260 ## - PUBLICATION, DISTRIBUTION, ETC. (IMPRINT)
Name of publisher W.W. Norton
260 ## - PUBLICATION, DISTRIBUTION, ETC. (IMPRINT)
Year of publication 2002
300 ## - PHYSICAL DESCRIPTION
Number of Pages 335 p
650 ## - SUBJECT ADDED ENTRY--TOPICAL TERM
Topical Term Eccentrics and eccentricities--Fiction. City and town life--Fiction. Race relations--Fiction. Mississippi--Fiction.
942 ## - ADDED ENTRY ELEMENTS (KOHA)
Koha item type Books
Holdings
Withdrawn status Lost status Source of classification or shelving scheme Damaged status Not for loan Permanent Location Current Location Date acquired Accession Number Price effective from Koha item type
    Library of Congress Classification     NILE UNIVERSITY OF NIGERIA - MAIN LIBRARY NILE UNIVERSITY OF NIGERIA - MAIN LIBRARY 04/23/2025 0195266 04/23/2025 Books